El régimen de estudios en la nueva carrera de magisterio

El objeto de este trabajo es describir y analizar, el hasta ese entonces nuevo régimen de estudios de la carrera del magisterio en la República Argentina en el año de 1972.

Guardat en:
Dades bibliogràfiques
Autor principal: Villaverde, Aníbal
Format: Llibre
Idioma:Spanish
Publicat: Buenos Aires: Editorial Humanistas, 1972
Col·lecció:Cuadernos de formación docente; No. 2
Matèries:
Accés en línia:Enlace del recurso
Etiquetes: Afegir etiqueta
Sense etiquetes, Sigues el primer a etiquetar aquest registre!

MARC

LEADER 00000nam a2200000 a 4500
001 001354
008 030813s1972 ag # fr# #000|0#spa#d
041 0 |a spa 
043 |a s-ag--- 
082 0 4 |a 370.71  |b V341r 
100 1 |a Villaverde, Aníbal 
245 1 3 |a El régimen de estudios en la nueva carrera de magisterio   |c Aníbal Villaverde 
260 |a Buenos Aires:  |b Editorial Humanistas,  |c 1972 
300 |a 134 p. 
440 0 |a Cuadernos de formación docente;  |v No. 2 
504 |a Incluye bibliografía. 
520 3 |a El objeto de este trabajo es describir y analizar, el hasta ese entonces nuevo régimen de estudios de la carrera del magisterio en la República Argentina en el año de 1972. 
650 1 4 |a FORMACIÓN PROFESIONAL DE MAESTROS  |z ARGENTINA 
650 1 4 |a FORMACIÓN PROFESIONAL DE MAESTROS 
999 |c 3506  |d 3506 
856 |u https://catalogo.idep.edu.co/cgi-bin/koha/opac-detail.pl?biblionumber=3506  |z Enlace del recurso